000 00410nam a2200145Ia 4500
003 GCL
008 140319s9999 xx 000 0 ara d
040 _aGCL /
_cGCL
082 0 4 _a920.71
_bع ا
100 1 _aعباس محمود العقاد
245 1 0 _aابو نواس /
_cعباس محمود العقاد
490 _aكتاب
_v0
650 0 4 _aابونواس، الحسن بن هانى
942 _2ddc
_cBK
999 _c42600
_d42600